English worbook 3 / (Record no. 19635)

MARC details
000 -CABECERA
campo de control de longitud fija 00473nam a2200181 a 4500
005 - FECHA Y HORA DE LA ÚLTIMA TRANSACCIÓN
campo de control 20240614063702.0
008 - ELEMENTOS DE LONGITUD FIJA--INFORMACIÓN GENERAL
campo de control de longitud fija 991125m19511977ea 000 0 eng u
020 ## - NÚMERO INTERNACIONAL NORMALIZADO PARA LIBROS
Número Internacional Estándar del Libro 0602203716
035 ## - NÚMERO DE CONTROL DEL SISTEMA
Número de control de sistema UPN01000019635
049 ## - COLECCIÓN
Colección CG
050 #4 - SIGNATURA TOPOGRÁFICA DE LA BIBLIOTECA DEL CONGRESO
Número de clasificación PE1119
Número de documento/Ítem R4.3
100 1# - ASIENTO PRINCIPAL--NOMBRE PERSONAL
Nombre de persona Ridout, Ronald
245 10 - MENCIÓN DE TÍTULO
Título English worbook 3 /
Mención de responsabilidad, etc. Ronald Ridout.
260 ## - PUBLICACIÓN, DISTRIBUCIÓN, ETC.
Lugar de publicación, distribución, etc. England :
Nombre del editor, distribuidor, etc. GINN,
Fecha de publicación, distribución, etc. 1951 (1977 impr.).
300 ## - DESCRIPCIÓN FÍSICA
Extensión 47 p.
650 #4 - ASIENTO SECUNDARIO DE MATERIA - TERMINO TEMATICO
Término de materia o nombre geográfico como elemento de entrada Inglés
Subdivisión general Estudio y enseñanza
9 (RLIN) 18
905 ## - TIPO DE MATERIAL
Tipo de material Libro
Holdings
Estado de retiro Estado de pérdida Fuente del sistema de clasificación o colocación Estado dañado No para préstamo Código de colección Localización permanente Ubicación/localización actual Ubicación en estantería Enumeración/cronología de publicación seriada Total de préstamos Clasificación Código de barras Fecha visto por última vez Número de copia Tipo de ítem Koha
    Library of Congress Classification     Colección General Bib. Gregorio Torres Quintero Bib. Gregorio Torres Quintero Planta baja -   PE1119 R4.3 10599F 31/12/2020 1 Libro